000 00924cam a22003137a 4500
003 CHAP
005 20220329135242.0
008 971013s1968 r 00010 d
010 _a33310
011 _a34282
035 _a38398
040 _cCHAP
090 _aFolleto 8953
245 1 3 _aEl cultivo del maíz con leguminosas
260 _aLa Habana :
_bInstituto del libro,
_c1968
300 _a21 p.
_b: ilus.
590 _aBATCH-UPD
_b10
_c20130109
_lUCH01
_h2356
590 _aBATCH-UPD
_b10
_c20130110
_lUCH01
_h1124
590 _aBATCH-UPD
_b10
_c20130410
_lUCH01
_h0714
590 _aBATCH-UPD
_b10
_c20130914
_lUCH01
_h1124
590 _aCONVERSION
_b10
_c20130109
_lUCH01
_h1319
650 1 4 _aCultivos asociados.
_930370
650 1 4 _aMaíz.
_970848
650 1 4 _aMucuna pruriens.
_979260
650 1 4 _aSoya.
_9109013
901 _aBK
942 _cFOLL
949 _aFolleto 8953
_bBC
_cFOLL
_d-87829
_eTS1
_i38398
_mD
_si
999 _c33310
_d33310